[Event "Cup Russia"]
[Site "Serpukhov RUS"]
[Date "2007.11.05"]
[Round "1.1"]
[White "Popov, Iv RUS"]
[Black "Yakovich, Yur"]
[Result "1-0"]
[WhiteElo "2539"]
[BlackElo "2581"]
[PlyCount "149"]
[EventDate "2007.11.05"]
[Source "www.chesslib.no"]
[SourceDate "2004.05.04"]

1. e4 c5 2. Nf3 d6 3. d4 cxd4 4. Nxd4 Nf6 5. Nc3 Nc6 6. Be2 e6 7. Bc4 Be7 8. Be3 a6 9. Qe2 Qd7 10. O-O-O Qc7 11. Bb3 Na5 12. g4 b5 13. g5 Nxb3+ 14. axb3 Nd7 15. h4 b4 16. Na4 Nc5 17. h5 Nxe4 18. g6 Bf6 19. gxf7+ Kxf7 20. h6 g6 21. Bf4 Bb7 22. Nxe6 Qc6 23. Nd4 Bxd4 24. Rxd4 Rhe8 25. Qc4+ Qxc4 26. Rxc4 g5 27. Rg1 Bd5 28. Rc7+ Ke6 29. Bxg5 Rac8 30. Rxc8 Rxc8 31. Nb6 Rf8 32. Nxd5 Kxd5 33. Be3 Nxf2 34. Rg7 Ne4 35. Kd1 Rf3 36. Ke2 Rh3 37. Rxh7 Ng3+ 38. Kf3 Ne4+ 39. Kf4 Nf6 40. Rh8 Ke6 41. Bf2 a5 42. Bd4 Rh4+ 43. Ke3 Ng4+ 44. Kd3 Nxh6 45. Bf2 Rh5 46. Be3 Rd5+ 47. Kc4 Nf5 48. Re8+ Kd7 49. Kxd5 Kxe8 50. Bb6 Kd7 51. Kc4 Kc6 52. Bxa5 d5+ 53. Kxb4 Ne3 54. Kc3 Kb5 55. Bc7 Nf5 56. Kd3 Ng7 57. Bd6 Ne6 58. b4 Kc6 59. Be5 Kb5 60. c3 Ka4 61. Kc2 Kb5 62. b3 Nd8 63. Kd3 Ne6 64. Bd6 Kc6 65. Be7 Kd7 66. Bf6 Kc6 67. c4 Kd6 68. Bd4 Kc6 69. Be5 Nf8 70. b5+ Kb6 71. Kd4 dxc4 72. bxc4 Nd7 73. Kd5 Ka5 74. Bc7+ Kb4 75. b6 1-0

[Event "GER-FRA"]
[Site "Kaufbeuren"]
[Date "1993.??.??"]
[Round "2"]
[White "Koch, Jean-Rene"]
[Black "Lobron, Eric"]
[Result "0-1"]
[WhiteElo "2500"]
[BlackElo "2620"]
[PlyCount "46"]
[EventDate "1993.10.??"]
[Source "www.chesslib.no"]
[SourceDate "2004.05.04"]

1. e4 c5 2. Nf3 d6 3. d4 cxd4 4. Nxd4 Nf6 5. Nc3 Nc6 6. Bc4 e6 7. Be3 Be7 8. Qe2 O-O 9. O-O-O Bd7 10. Rhg1 Rc8 11. Ndb5 Na5 12. Bb3 Nxb3+ 13. axb3 Qa5 14. f3 a6 15. Nd4 e5 16. Nf5 Bxf5 17. exf5 d5 18. Bg5 d4 19. Nb1 Rfe8 20. Bxf6 Bxf6 21. Na3 Be7 22. Nc4 Qa2 23. Kd2 b5 0-1

[Event "Esbjerg 87/236"]
[Site "?"]
[Date "2002.??.??"]
[Round "?"]
[White "Dominguez, L."]
[Black "Galliamova, A."]
[Result "1-0"]
[WhiteElo "2613"]
[BlackElo "2505"]
[PlyCount "125"]
[EventDate "2002.??.??"]
[Source "Chess Informant"]
[SourceDate "2003.02.01"]

1. e4 c5 2. Nf3 Nc6 3. d4 cxd4 4. Nxd4 Nf6 5. Nc3 d6 6. Bc4 e6 7. Be3 Be7 8. Qe2 O-O 9. O-O-O a6 10. Bb3 Nd7 11. Kb1 Qc7 12. f4 Nc5 13. f5 Nxb3 14. axb3 Bf6 15. Qd2 Bd7 16. Nf3 Rad8 17. Bg5 Bxg5 18. Qxg5 f6 19. Qf4 Bc8 20. fxe6 Bxe6 21. Rd2 f5 22. Ng5 Bc8 23. exf5 Bxf5 24. Qc4+ Kh8 25. Ne6 Bxe6 26. Qxe6 Nb4 27. Qe4 a5 28. Rhd1 h6 29. h3 Qb6 30. Nd5 Nxd5 31. Rxd5 Rf2 32. R5d2 Rxd2 33. Rxd2 Qc6 34. Qd4 b5 35. Rf2 d5 36. g4 Re8 37. Rf7 Qg6 38. Rf5 Qc6 39. c3 Rd8 40. Rf7 Qg6+ 41. Rf5 Qe6 42. Re5 Qg6+ 43. Ka2 Qd6 44. g5 h5 45. g6 Qxg6 46. Qh4 Rd6 47. Rxh5+ Kg8 48. Rh8+ Kf7 49. Rb8 b4 50. Qh8 Kf6 51. Rb7 bxc3 52. Qf8+ Ke5 53. Rxg7 Qf6 54. Rf7 Qg6 55. Qh8+ Ke4 56. Qh4+ Ke5 57. Qe1+ Qe4 58. Qxc3+ d4 59. Qg3+ Ke6 60. Qg8 d3 61. Rf4+ Ke5 62. Rxe4+ Kxe4 63. Qg4+ 1-0